Histoire : Citation lettre à lettre - Statistiques

Statistiques générales
  • Ce quiz a été pris 128 fois
  • Le résultat moyen est 9 sur 28
Statistiques - réponses
Lettre Question Réponse % Correct
R Titre de Louis XIV Roi
99%
L Prénom de 18 rois Louis
98%
O Matière du Louis Or
66%
A Cérémonie qui fait le chevalier Adoubement
60%
A Renoncer au pouvoir pour un souverain Abdiquer
58%
P Souverain égyptien Pharaon
58%
S Personne attachée à une terre et qui ne dispose pas de liberté civile. Serf
58%
V Soumis à un suzerain Vassal
50%
E Décision royale Edit
46%
N Un des trois états Noblesse
40%
A Place publique en Grèce Agora
39%
A Région occupée par les Anglais au Moyen-âge Aquitaine
39%
U Regroupement de maîtres et d'étudiants fondé parfois au Moyen-âge Université
34%
H Génocide juif Holocauste
30%
N Mesures prises par Roosevelt en 1933 New deal
21%
L Frontière de l'empire romain Limes
19%
N Ministre de Louis XVI Necker
17%
E Magistrat communal ou romain Edile
12%
C Document écrit qui précise les droits et les libertés des habitants d'une commune par exemple Charte
10%
B Continental pour Napoléon Blocus
8%
Citation Ralliez vous à mon panache blanc
8%
A Instrument de labour qui fend la terre pour l'aérer Araire
6%
I La doctrine Monroe en est un exemple Isolationnisme
6%
L Paysan possédant un attelage Laboureur
6%
Z Bataille antique Zama
5%
M Ouvrier agricole payé à la journée ou à la tâche. Manouvrier
3%
O Chef militaire Officier
2%
C Impôt d'ancien régime Capitation
1%
Aucun quiz correspondant
Distribution des résultats
% des personnes avec chaque résultat
Percentile par nombre de réponses
Votre historique - résultats
Vous n’avez pas pris ce quiz